| 000 | 00977nam a22001937a 4500 | ||
|---|---|---|---|
| 003 | OSt | ||
| 005 | 20260416071351.0 | ||
| 008 | 260416b |||||||| |||| 00| 0 eng d | ||
| 040 |
_aDWCL GS lib _cOC |
||
| 082 | _aFic. D548c 2010 | ||
| 100 | _aDickens, Charles | ||
| 245 |
_aa christmas carol: _bphilippine edition _cCharles Dickens |
||
| 260 |
_aPhilippines _bCengage Learning _cc2010 |
||
| 300 |
_a175 _billustrations _c16cm |
||
| 520 | _aA Christmas Carol PDF Summary - Charles Dickens | 12min BlogA Christmas Carol by Charles Dickens is a novella about Ebenezer Scrooge, a cold-hearted miser who despises Christmas. On Christmas Eve, he is visited by the ghost of his partner, Jacob Marley, and three spirits—Past, Present, and Yet to Come—who show him the folly of his ways, leading him to transform into a generous, kind man. | ||
| 546 | _aEnglish | ||
| 700 | _aCharles Dickens | ||
| 942 |
_2ddc _cFIC. _hFic. D548c 2010 _n0 |
||
| 999 |
_c9506 _d9506 |
||